000
00211 a2200097 4500
001
13955
100
_a
Shakespeare W
245
_a
W Shakespreare complete work
260
_a
_b
Collins
_c
090
_c
10920
_d
10920
942
_a
NUST-CAE
_c
M
_c
1026
999
_c
249028
_d
249028